Word Ladder: Brittle Burger Quiz Stats

 Plays Quiz Updated Oct 19, 2016

Challenge
Share
Tweet
Embed
Score 0/13 Timer 01:30
1 Play Today
Clue 4-Letter Word % Correct
Beatles song: 'All You ___ Is Love'NEED
98.7%
Especially difficultHARD
97.3%
3 feet equals oneYARD
96.4%
'I double-dog ____ you'DARE
95.8%
Scooby-Doo's breed: Great ___DANE
95.5%
Completely finished•DONE•
95.2%
Growing garden intruderWEED
95.1%
Torch metals togetherWELD
95.1%
Cows' conglomerationHERD
93.2%
Put-down aimed at the intellectually inclinedNERD
92.7%
Toy for a tabbyYARN
91%
To repair socks with a needleDARN
90.3%
Bat-filled hole that young Bruce Wayne falls through•WELL•
86.2%

Today's Daily Dose

You're not logged in!

Compare scores with friends on all Sporcle quizzes.
OR
Log In

You Might Also Like...

Show Comments

Extras

Top Quizzes Today


Score Distribution

Your Account Isn't Verified!

In order to create a playlist on Sporcle, you need to verify the email address you used during registration. Go to your Sporcle Settings to finish the process.

Report this User

Report this user for behavior that violates our Community Guidelines.

Details: